000 01502nam a2200361 a 4500
001 ebr10245812
003 CaPaEBR
006 m u
007 cr cn|||||||||
008 020716s2003 txua sb s001 0beng
020 _z0292791607 (alk. paper)
040 _aCaPaEBR
_cCaPaEBR
035 _a(OCoLC)60338655
043 _an-us-tx
_an-us---
050 1 4 _aPS3511.O344
_bZ94 2003eb
082 0 4 _a812/.54
_aB
_221
100 1 _aWatson, Charles S.,
_d1931-
245 1 0 _aHorton Foote
_h[electronic resource] :
_ba literary biography /
_cCharles S. Watson.
250 _a1st ed.
260 _aAustin :
_bUniversity of Texas Press,
_c2003.
300 _ax, 277 p. :
_bill.
490 1 _aThe Jack and Doris Smothers series in Texas history, life, and culture ;
_vno. 9
504 _aIncludes bibliographical references (p. 265-270) and index.
533 _aElectronic reproduction.
_bPalo Alto, Calif. :
_cebrary,
_d2013.
_nAvailable via World Wide Web.
_nAccess may be limited to ebrary affiliated libraries.
600 1 0 _aFoote, Horton.
650 0 _aDramatists, American
_y20th century
_vBiography.
650 0 _aScreenwriters
_zUnited States
_vBiography.
651 0 _aTexas
_vBiography.
655 7 _aElectronic books.
_2local
710 2 _aebrary, Inc.
830 0 _aJack and Doris Smothers series in Texas history, life, and culture ;
_vno. 9.
856 4 0 _uhttp://site.ebrary.com/lib/rucke/Doc?id=10245812
_zAn electronic book accessible through the World Wide Web; click to view
999 _c149829
_d149829